Sports Quiz

Random Sports or State Quiz
Score 0/130 Timer 10:00
0 Plays Today
Conference Team % Correct
ACCBoston College
100%
ACCDuke
100%
ACCNorth Carolina
95.7%
ACCSyracuse
95.7%
ACCClemson
91.3%
ACCFlorida State
91.3%
ACCGeorgia Tech
91.3%
ACCVirginia
91.3%
ACCVirginia Tech
91.3%
Big TenPenn State
91.3%
SECFlorida
91.3%
SECGeorgia
91.3%
ACCLouisville
87%
ACCMiami (FL)
87%
ACCNC State
87%
ACCPittsburgh
87%
Big TenIllinois
87%
Big TenIndiana
87%
Big TenMichigan
87%
Big TenMichigan State
87%
Big TenNorthwestern
87%
Big TenPurdue
87%
Big TenRutgers
87%
MACEastern Michigan
87%
MACOhio
87%
Pac-12California
87%
Pac-12UCLA
87%
AmericanUCF
82.6%
AmericanUConn
82.6%
Big 12Iowa State
82.6%
Big 12Kansas
82.6%
Big 12Kansas State
82.6%
Big 12Oklahoma
82.6%
Big 12Oklahoma State
82.6%
Big 12Texas
82.6%
Big 12Texas Tech
82.6%
Big 12West Virginia
82.6%
Big TenIowa
82.6%
Big TenMaryland
82.6%
Big TenMinnesota
82.6%
Big TenNebraska
82.6%
Big TenOhio State
82.6%
Big TenWisconsin
82.6%
IndependentNotre Dame
82.6%
Conference Team % Correct
MACCentral Michigan
82.6%
MACWestern Michigan
82.6%
Mountain WestNevada
82.6%
Mountain WestUNLV
82.6%
Pac-12Arizona
82.6%
Pac-12Arizona State
82.6%
Pac-12Colorado
82.6%
Pac-12Oregon
82.6%
Pac-12Oregon State
82.6%
Pac-12USC
82.6%
Pac-12Utah
82.6%
Pac-12Washington
82.6%
Pac-12Washington State
82.6%
SECAlabama
82.6%
SECArkansas
82.6%
SECAuburn
82.6%
SECKentucky
82.6%
SECLSU
82.6%
SECMississippi State
82.6%
SECOle Miss
82.6%
SECSouth Carolina
82.6%
SECTennessee
82.6%
SECTexas A&M
82.6%
ACCWake Forest
78.3%
AmericanCincinnati
78.3%
AmericanTulsa
78.3%
Big 12TCU
78.3%
IndependentArmy
78.3%
IndependentBYU
78.3%
IndependentNew Mexico State
78.3%
MACMiami (OH)
78.3%
Mountain WestBoise State
78.3%
Mountain WestColorado State
78.3%
Mountain WestHawaii
78.3%
Mountain WestNew Mexico
78.3%
Mountain WestWyoming
78.3%
Pac-12Stanford
78.3%
SECMissouri
78.3%
SECVanderbilt
78.3%
Sun BeltLouisiana
78.3%
AmericanHouston
73.9%
AmericanSouth Florida
73.9%
AmericanTemple
73.9%
Big 12Baylor
73.9%
Conference Team % Correct
C-USARice
73.9%
C-USAUAB
73.9%
C-USAUTEP
73.9%
IndependentUMass
73.9%
MACAkron
73.9%
MACBuffalo
73.9%
MACNorthern Illinois
73.9%
Mountain WestAir Force
73.9%
Mountain WestFresno State
73.9%
Mountain WestSan Diego State
73.9%
Sun BeltArkansas State
73.9%
Sun BeltTexas State
73.9%
Mountain WestUtah State
73.9%
AmericanMemphis
69.6%
AmericanNavy
69.6%
AmericanSMU
69.6%
C-USAMarshall
69.6%
C-USAWestern Kentucky
69.6%
MACToledo
69.6%
Mountain WestSan Jose State
69.6%
Sun BeltGeorgia State
69.6%
Sun BeltTroy
69.6%
C-USACharlotte
65.2%
C-USASouthern Miss
65.2%
C-USAUTSA
65.2%
MACBall State
65.2%
Sun BeltGeorgia Southern
65.2%
Sun BeltLouisiana-Monroe
65.2%
C-USAFIU
60.9%
C-USAFlorida Atlantic
60.9%
MACBowling Green
60.9%
Sun BeltSouth Alabama
60.9%
AmericanEast Carolina
56.5%
C-USALouisiana Tech
56.5%
C-USAMiddle Tennessee
56.5%
C-USANorth Texas
56.5%
MACKent State
52.2%
C-USAOld Dominion
47.8%
IndependentLiberty
47.8%
Sun BeltAppalachian State
47.8%
Sun BeltCoastal Carolina
47.8%
AmericanTulane
21.7%
Remove Ads.
Support Sporcle.
Get the best of Sporcle when you Go Orange. This ad-free experience offers more features, more stats, and more fun while also helping to support Sporcle. Thank you for becoming a member.

You're not logged in!

Compare scores with friends on all Sporcle quizzes.
OR
Log In

Show Comments

Extras

Created Sep 24, 2019ReportNominate
Tags:State Quiz, Conference, FBS, team

Top Quizzes Today


Score Distribution

Your Account Isn't Verified!

In order to create a playlist on Sporcle, you need to verify the email address you used during registration. Go to your Sporcle Settings to finish the process.

Report this User

Report this user for behavior that violates our Community Guidelines.

Details: